Mendidik anak pintar cerdas

Bibliographic Details
Main Author: Hasan Hj. Mohd Ali, Dato'
Format: Book
Published: Kuala Lumpur : Utusan Publications & Distributors , 2000
Subjects:

MARC

LEADER 00000cam a2200000 7i4500
001 0000011949
005 20080125.0
008 071121
020 |a 9676106879 
090 0 0 |a 153.9   |b HAS 
100 0 |a Hasan Hj. Mohd Ali, Dato' 
245 1 0 |a Mendidik anak pintar cerdas   |c Dato' Hasan Hj. Mohd Ali 
260 |a Kuala Lumpur :   |b Utusan Publications & Distributors ,   |c 2000 
500 |a Siri keluarga mithali Utusan 
650 0 |a Brain stimulation 
650 0 |a Children   |x Intelligence levels 
650 0 |a Gifted children   |x Education 
999 |a 0001003320   |b Book   |c Adult Collection   |e Perbadanan Perpustakaan Awam Johor 
999 |a 0001003321   |b Book   |c Adult Collection   |e Perbadanan Perpustakaan Awam Johor